Detalles MARC
| 000 -CABECERA |
| campo de control de longitud fija |
03398nam a2200253 4500 |
| 003 - IDENTIFICADOR DEL NÚMERO DE CONTROL |
| campo de control |
vecauma |
| 005 - FECHA Y HORA DE LA ÚLTIMA TRANSACCIÓN |
| campo de control |
20260416142128.0 |
| 007 - CAMPO FIJO DE DESCRIPCIÓN FÍSICA--INFORMACIÓN GENERAL |
| campo de control de longitud fija |
ta |
| 008 - DATOS DE LONGITUD FIJA--INFORMACIÓN GENERAL |
| campo de control de longitud fija |
260416b ve ||||| |||| 00| 0 spa d |
| 020 ## - ISBN |
| Número Internacional Estándar del Libro |
9701018907 |
| 040 ## - FUENTE DE LA CATALOGACIÓN |
| Centro catalogador/agencia de origen |
vecauma |
| Lengua de catalogación |
spa |
| Centro/agencia transcriptor |
vecauma |
| Centro/agencia modificador |
vecauma |
| Normas de descripción |
rda |
| 041 ## - CÓDIGO DE LENGUA |
| Código de lengua del recurso |
spa |
| 100 1# - AUTOR PERSONAL |
| Término indicativo de función/relación |
autor |
| 245 1# - MENCIÓN DE TÍTULO |
| Título |
La imagen del éxito |
| Mención de responsabilidad, etc. |
/ Gaby Vargas |
| 264 ## - PRODUCCIÓN, PUBLICACIÓN, DISTRIBUCIÓN, FABRICACIÓN Y COPYRIGHT |
| Producción, publicación, distribución, fabricación y copyright |
México: |
| Nombre del de productor, editor, distribuidor, fabricante |
McGraw-Hill; |
| Fecha de producción, publicación, distribución, fabricación o copyright |
1998. |
| 300 ## - DESCRIPCIÓN FÍSICA |
| Extensión |
205 páginas. |
| 336 ## - TIPO DE CONTENIDO |
| Término de tipo de contenido |
texto |
| Código de tipo de contenido |
txt |
| Fuente |
rdacontenido |
| 337 ## - TIPO DE MEDIO |
| Nombre/término del tipo de medio |
no mediado |
| Código del tipo de medio |
n |
| Fuente |
rdamedio |
| 338 ## - TIPO DE SOPORTE |
| Nombre/término del tipo de soporte |
volumen |
| Código del tipo de soporte |
nc |
| Fuente |
rdasoporte |
| 505 0# - NOTA DE CONTENIDO CON FORMATO |
| Nota de contenido con formato |
Comunicación no verbal <br/>Su imagen. Su mejor argumento /<br/>¿Qué comunica su persona sin hablar? /<br/>Los sentidos ¿Qué comunican? /<br/>La fuerza del estilo propio /<br/>La ropa<br/>Una imagen ejecutiva de primer nivel /<br/>Usted es especial /<br/>Los accesorios... La clave de la elegancia /<br/>Protocolo<br/>Presentaciones y citas de negocios /<br/>¿Cómo ser un buen conversador? /<br/>Etiqueta del ejecutivo /<br/>La mesa /<br/>Lenguaje corporal<br/>Lo que comunica su cuerpo / |
| 520 3# - SUMARIO, ETC. |
| Sumario, etc. |
Gabriela Vargas de González Carbonell es esposa y madre de tres hijos, es fundadora y directora de Diseño Facial Spa y de Imagen Ejecutiva Empresarial.<br/>Desde 1977 se ha dedicado al estudio y asesoría de imagen. Su formación profesional en el campo de la superación personal, y la comunicación no verbal la efectuó tomando diversos cursos en Institutos de Europa, Estados Unidos y México.<br/>Durante dos años y medio, escribió para el periódico El Universal con la columna "Imagen Ejecutiva". Ha sido entrevistada por diferentes canales de televisión, estaciones de radio, periódicos y revistas sobre el tema "La importancia de la imagen y la comunicación no verbal".<br/>Actualmente es conferencista, participa con la sección "El lenguaje de la imagen" en el noticiero "Para empezar" con Pedro Ferriz de Con, colabora en el periódico Reforma en la sección "Moda", y escribe para la revista "Paula". Es miembro honorario del International Women's Forum, y del Fashion Group International.<br/><br/>Imagen, mensajes no verbales, claves sobre quiénes somos y qué hemos logrado y esperamos obtener, vestimenta, actitudes, tono de voz, arreglo, buenos modales. Todos son un gran conjunto de signos reveladores de nuestra personalidad y de nuestra vida.<br/>Lenguaje interior y exterior expresado en detalles que la autora Gabriela Vargas conoce mejor que nadie como especialista en imagen y como una mujer triunfadora.<br/>Gaby comparte con sus lectores esos grandes secretos que constituyen un lenguaje con tanta fuerza que no deja oír con claridad las palabras. Esa imagen que logra, convence, encanta y conduce a las grandes ligas. Ese protocolo del mundo empresarial, no escrito hasta ahora en México, que muchos conocen pero que otros muchos podrán tener ahora a su alcance. Un mundo de mensajes, claves y sugerencias para poder comunicar con impacto lo más importante que un ser humano desea dar a conocer: su yo.<br/>El libro está dividido en cuatro grandes secciones: lenguaje no verbal, protocolo, la ropa y lenguaje corporal. Todas y cada una son fundamentales para ese ejecutivo en ascenso que desea manejar con soltura y confianza el lenguaje de los grandes triunfadores.<br/>Le aseguramos que después de leer este libro podrá hablar de antes y después... camino al éxito. |
| 942 #1 - ELEMENTOS DE ENTRADA AGREGADA (KOHA) |
| Fuente del sistema de clasificación o colocación |
Library of Congress Classification |
| Ocultar en OPAC |
No |
| Tipo de ítem Koha |
Libros |